Гаражные автосервисы (Запись № 10896681)

Подробности
000 -МАРКЕР
контрольное поле 01850nam1a2200301 i 4500
001 - ИДЕНТИФИКАТОР ЗАПИСИ
контрольное поле RU\NLR\BIBL_A\011602379
005 - ИДЕНТИФИКАТОР ВЕРСИИ
контрольное поле 20241101224026.0
035 ## - ДРУГИЕ СИСТЕМНЫЕ НОМЕРА
Идентификатор записи (NLR Aleph) 011602379
100 ## - ДАННЫЕ ОБЩЕЙ ОБРАБОТКИ
Данные общей обработки 20180118g20109999um y0rusy50 ca
101 0# - ЯЗЫК РЕСУРСА
Язык текста, звукозаписи и т.д. русский
102 ## - СТРАНА ПУБЛИКАЦИИ ИЛИ ПРОИЗВОДСТВА
Страна публикации Российская Федерация
105 ## - ПОЛЕ КОДИРОВАННЫХ ДАННЫХ: ТЕКСТОВЫЕ МАТЕРИАЛЫ, МОНОГРАФИЧЕСКИЕ
Кодированные данные о монографическом текстовом документе ||||j||||||||
200 1# - ЗАГЛАВИЕ И СВЕДЕНИЯ ОБ ОТВЕТСТВЕННОСТИ
Основное заглавие Гаражные автосервисы
Сведения, относящиеся к заглавию учебник для ВУЗов
Первые сведения об ответственности П.В. Шарупич, С.В. Шарупич, В.П. Шарупич [и др.]
Последующие сведения об ответственности О-во с огранич. ответственностью "Патент", Науч.-исслед. и проект. ин-т по созданию гор. и пром. объектов выращивания, хранения и перераб. плодоовощ. продукции "Градоагроэкопром"
210 ## - ПУБЛИКАЦИЯ, РАСПРОСТРАНЕНИЕ И ДР.
Место издания, распространения и т.д. Орел
Имя издателя, распространителя и т. д. Патент
-- Град-РИЦ
Дата издания, распространения и т.д. 2010
215 ## - ФИЗИЧЕСКАЯ ХАРАКТЕРИСТИКА
Размеры 20
225 1# - СЕРИЯ
Основное заглавие серии Международное автосервисное образование
606 ## - НАИМЕНОВАНИЕ ТЕМЫ КАК ПРЕДМЕТ
Наименование темы Станции технического обслуживания автомобилей
Формальный подзаголовок Учебники для высших учебных заведений
Системный номер авторитетной/нормативной записи 1043937
Идентификатор авторитетной/нормативной записи RU\NLR\AUTH\6684424
606 1# - НАИМЕНОВАНИЕ ТЕМЫ КАК ПРЕДМЕТ
Наименование темы Автомобили
Формальный подзаголовок Учебники для высших учебных заведений
Тематический подзаголовок Техническое обслуживание
-- Правовое регулирование
Географический подзаголовок Российская Федерация
Системный номер авторитетной/нормативной записи 2353684
Идентификатор авторитетной/нормативной записи RU\NLR\AUTH\661406010
686 1# - ИНДЕКСЫ ДРУГИХ КЛАССИФИКАЦИЙ
Индекс О33-082.05-4я73-1
686 1# - ИНДЕКСЫ ДРУГИХ КЛАССИФИКАЦИЙ
Индекс Х623.211.8я73-1
701 #1 - ИМЯ ЛИЦА - АЛЬТЕРНАТИВНАЯ ОТВЕТСТВЕННОСТЬ
Начальный элемент ввода Шарупич
Часть имени, кроме начального элемента ввода П. В.
Расширение инициалов личного имени Павел Вадимович
701 #1 - ИМЯ ЛИЦА - АЛЬТЕРНАТИВНАЯ ОТВЕТСТВЕННОСТЬ
Начальный элемент ввода Шарупич
Часть имени, кроме начального элемента ввода С.В.
Расширение инициалов личного имени Сергей Вадимович
701 #1 - ИМЯ ЛИЦА - АЛЬТЕРНАТИВНАЯ ОТВЕТСТВЕННОСТЬ
Начальный элемент ввода Шарупич
Часть имени, кроме начального элемента ввода В. П.
Расширение инициалов личного имени Вадим Павлович
852 ## - МЕСТОНАХОЖДЕНИЕ И ШИФР ХРАНЕНИЯ
Идентификатор организации NLR
Шифр хранения (Call Number) 2018-3/953
942 ## - ДОПОЛНИТЕЛЬНЫЕ ЭЛЕМЕНТЫ ЗАПИСИ (АБИС)
Тип экземпляра АБИС Книга

Нет доступных экземпляров.